00181 a2200085 450000100060000008200170000610000180002324500450004126000090008663606 a629.1341 HIS aHiscocks, R.D aA care Study in aircraft designhEnglish bAIAA